| 000 | 00504nam a2200181Ia 4500 | ||
|---|---|---|---|
| 005 | 20250508152314.0 | ||
| 008 | 008 250505s9999 xx 000 0 eng d | ||
| 037 | _aTextual | ||
| 040 |
_aFEDL _beng _cFEDL |
||
| 041 |
_aeng _2eng |
||
| 084 |
_a551.22, POU _qFEDL |
||
| 100 |
_aPough Frederich H _9761179 |
||
| 245 | 0 | _aAll about volcanoes and earthquakes | |
| 260 |
_aNew York, USA _bRandom House _c1953 |
||
| 300 | _a150p. | ||
| 942 |
_cTEXL _h551.22, POU |
||
| 999 |
_c1335631 _d1335631 |
||